00239nam a22000857a 4500008004100000082002000041245004600061260003700107300000900144230621b xxu||||| |||| 00| 0 eng d a328.3bPSC 2013 aThe Journal of Parliamentary Information  aKenyabParliament of Kenyac2013 a107p